Historia natural y conservación del caimán llanero (Crocodylus intermedius Graves, 1819) en Colombia (Registro nro. 7411)

Detalles MARC
000 -CABECERA
Campo de control 00982nam a22002297a 4500
005 - FECHA Y HORA DE LA ULTIMA TRANSACCION
Campo de control 20160907020002.0
008 - ELEMENTOS DE LONGITUD FIJA—INFORMACION GENERAL
Campo de control 120920s2012 sp a gr 000 0 spa d
020 ## - ISBN
ISBN 9788461535439
041 ## - IDIOMA
Código de idioma para texto/pista de sonido o título separado Español
082 04 - NUMERO DE CLASIFICACION DECIMAL DEWEY
Número de clasificación 597.9809
Número del ítem H673h
245 00 - MENCION DE TITULO
Título Historia natural y conservación del caimán llanero (Crocodylus intermedius Graves, 1819) en Colombia
Mención de responsabilidad ed. Manuel Mechán Fornelino ... [et al.]
246 30 - FORMA VARIANTE DEL TITULO
Título propiamente dicho/forma breve del título Historia natural y conservación del caimán llanero (Crocodylus intermedius) en Colombia
260 ## - PUBLICACION, DISTRIBUCION, ETC. (PIE DE IMPRENTA)
Lugar de publicación, distribución, etc. [Madrid]
Nombre del editor, distribuidor, etc. Asociación Chelonia
-- Corporinoquía
Fecha de publicación, distribución, etc. 2012
300 ## - DESCRIPCION FISICA
Extensión 238 p.
Otros detalles físicos il.
Dimensiones 24 cm.
490 ## - MENCION DE SERIE
Mención de serie Monografías de la asociación Chelonia
Designación numérica/secuencial del volumen V. 4
504 ## - NOTA DE BIBLIOGRAFIA, ETC.
Nota de bibliografía Incluye referencias bibliográficas
650 17 - ASIENTO SECUNDARIO DE MATERIA - TERMINO TEMATICO
Término temático o nombre geográfico como elemento de entrada Cocodrilos
Subdivisión general Habitat
Subdivisión geográfica Colombia
650 17 - ASIENTO SECUNDARIO DE MATERIA - TERMINO TEMATICO
Término temático o nombre geográfico como elemento de entrada Conservación de la diversidad animal
Subdivisión geográfica Orinoquía
-- Colombia
650 17 - ASIENTO SECUNDARIO DE MATERIA - TERMINO TEMATICO
Término temático o nombre geográfico como elemento de entrada Especies amenazadas
Subdivisión geográfica Orinoquia
-- Colombia
700 1# - ASIENTO SECUNDARIO - NOMBRE PERSONAL
Nombre personal Mechán Fornelino, Manuel
Término de relación ed.
942 ## - ELEMENTOS ADICIONALES (KOHA)
Sistema de clasificación Dewey Decimal Classification
Tipo de ítem
Koha issues (borrowed), all copies 2
Existencias
Withdrawn status Lost status Sistema de Clasificación Damaged status No para préstamo Colección Inventariado Ubicación Permanente Ubicación actual Fecha de adquisición Fuente de Valor Valor Total Checkouts Número topográfico Inventario / Código de Barras Date last seen Date checked out Ejemplar Price effective from Tipo de material Forma de adquisición
    Dewey Decimal Classification     General Inventariado 2017 Bogotá Bogotá 22/07/2013 Instituto 39000.00 2 LB-597.9809 H673h 058268 06/09/2016 06/09/2016 Ej. 1 22/07/2013 Libro  
    Dewey Decimal Classification     General Inventariado 2017 Sala Fabio Quevedo Sala Fabio Quevedo 14/02/2014 Instituto 39000.00   LB-597.9809 H673h 059838 14/02/2014   Ej. 2 14/02/2014 Libro